000 00779nam a2200253Ia 4500
003 OSt
005 20220923223337.0
006 a|||||r|||| 00| 0
007 ta
008 220922b |||||||| |||| 00| 0 hin d
024 _a213,696
037 _cTextual
040 _aARTS
_cARTS
_bhin
041 _2hin
_ahin
082 _aO152,3M88,AU, N0
100 _aचतुरसेन
_9156280
245 0 _aआचार्य उपगुप्त
246 _aĀchārya upagupta
260 _aनई दिल्ली
_b प्रवीण प्रका0
_c1990
300 _a144 पृ. -
_ccm.
650 _aहिन्दी साहित्य
_9156264
942 _hO152,3M88,AU, N0
_cTEXL
_2CC
999 _c363904
_d363904